| 000 | 00596nam a22001817a 4500 | ||
|---|---|---|---|
| 003 | UA-OsUOA | ||
| 001 | 11767 | ||
| 007 | ta | ||
| 008 | 20050328b un ||||| |||| 00| 0 ukr d | ||
| 100 | _aПентер Т | ||
| 942 | _cSA | ||
| 040 |
_aUA-OsUOA _cUA-OsUOA _dUA-OsUOA |
||
| 245 | _a"Робота на ворога" чи "примусова праця" у вугільній промисловості Донбасу під час окупації 1941-1943 рр | ||
| 300 | _aС.34-41 | ||
| 955 | _a0 | ||
| 773 | 0 | _w0 | |
| 650 | 7 |
_aВелика Вітчизняна війна _2UDC |
|
| 999 |
_c297928 _d297928 |
||